01016nam a22002417a 4500003000900000001000800009007000300017008003600020090001300056942000700069040003800076245027100114300001200385955000600397041000800403080000700411260000800418246020200426044000700628962000900635650011100644999001900755UA-OsUOA 61052 ta20090615b un ||||| |||| 00| 0 ukr d a81bУ45 cMG aUA-OsUOAbukrcUA-OsUOAdUA-OsUOA aУкраїнознавствоbЗасновник - Науково-дослідний інститут українознавства Міністерства освіти і науки УкраїниcГолова колегіі - Кононенко П.П. a314 с. a1 aukr a81 aК.31aНауковий громадсько-політичний, культурно-мистецький , релігійно-філософський педагогічний журналn aUA a2001 7a8 Мовознавство. Художня література. Літературознавство2UDC c347432d347432